00309nam a2200109Ia 450000500170000000800410001710000210005824500720007926000280015130000110017965000090019020260328101440.0260328s9999||||xx |||||||||||||| ||und|| aNicholson, H.B.  0aArt of Aztec Mexico :b Treasures of Tenochtitlan /cH.B. Nicholson bNational Gallery of Art a188 p. aARTE